Indian Defence & Security Handbook/ (Record no. 213766)

MARC details
000 -LEADER
fixed length control field 00559nam a22001817a 4500
005 - DATE AND TIME OF LATEST TRANSACTION
control field 20251118115508.0
010 ## - LCCN (DPL NO)
LC control number ENG-147083
020 ## - INTERNATIONAL STANDARD BOOK NUMBER
International Standard Book Number 9789357315852
Terms of availability 250.00
035 ## - SYSTEM CONTROL NUMBER
System control number EN-130615
037 ## - SOURCE OF ACQUISITION
Source of stock number/acquisition DBAD
082 ## - DEWEY DECIMAL CLASSIFICATION NUMBER
Classification number 355.033054
Edition number 1
245 ## - TITLE STATEMENT
Title Indian Defence & Security Handbook/
260 ## - PUBLICATION, DISTRIBUTION, ETC. (IMPRINT)
Place of publication, distribution, etc Gurugram
Name of publisher, distributor, etc Hachette Book Publishing India Pvt. Ltd.
Date of publication, distribution, etc 2025
270 ## - ADDRESS
Address 4&5 Floors, Corporate Centre Plot No. 94, Sector 44
City Gurugram
Postal code 122003
300 ## - PHYSICAL DESCRIPTION
Extent viii,102p.
Dimensions 20cm(Pb)
760 ## - MAIN SERIES ENTRY
Edition 1
942 ## - ADDED ENTRY ELEMENTS (KOHA)
Source of classification or shelving scheme Dewey Decimal Classification
Item type English Books
Classification part 355.033054
Call number suffix IND
Edition 1
Holdings
Withdrawn status Lost status Not for loan Collection code Home library Current library Date acquired Source of acquisition Cost, normal purchase price Full call number Barcode Copy number Cost, replacement price Koha item type
      Non-fiction Mobile Library Mobile Library 18/11/2025 DBAD 250.00 355.033054 IND EN-130615 1 250.00 English Books

© Delhi Public Library
Hit Counter
free hit counter